| 000 | 00696nam a2200241 i 4500 | ||
|---|---|---|---|
| 001 | bgj | ||
| 100 | 1 | _aAURNER, Robert R. | |
| 245 | 1 | 0 |
_aEffective English for business communication / _cRobert R. Aurner, Paul S. Burtness. |
| 250 | _a6th ed. | ||
| 260 |
_aCincinati, OH : _bSouth-Western Publ., _cc. 1970. |
||
| 300 |
_aVIII, 680 pp : _bill. ; _c24 cm. |
||
| 505 | _aIncludes index. | ||
| 650 | 9 |
_aEnglish language _xBusiness English |
|
| 650 | 9 | _aBusiness communication | |
| 650 | 9 |
_aEnglish language _xWriting |
|
| 655 | _aTextbooks | ||
| 700 | 1 | _aBURTNESS, Paul S. | |
| 020 | _ahbk | ||
| 040 | _cBPK | ||
| 041 | 0 | _aeng | |
| 942 | _cKS | ||
| 008 | s uk f |000 0 eng | ||
| 999 |
_c41283 _d41283 |
||
| 856 |
_uhttp://koha.tu.koszalin.pl/cgi-bin/koha/opac-detail.pl?biblionumber=41283 _yKatalog online BPK |
||